| 000 | 00308nam a22000977a 4500 | ||
|---|---|---|---|
| 008 | 160615b xxu||||| |||| 00| 0 eng d | ||
| 100 | _aMohamed Mohamed | ||
| 245 | _aKiu | ||
| 260 |
_aNairobi _bLonghorn Publishers _c1972 |
||
| 500 | _aThis book is for Inter Library Loan, to be returned to high school when returned | ||
| 999 |
_c15998 _d15998 |
||